00349nam a2200121Ia 4500008004100000040001700041041001200058082002000070100001800090245005400108260005400162300001100216230917s9999||||xx |||||||||||||| ||und|| e120420aMAIN aEnglish a301.440954 S86A aSrinivas, M N 0aAadhunik Bharat mein jativad tatha anya nibhandha aBhopalbMadhay Pradesh Hindi Granth Akademic1987 a173 p.